Statystyki dla Dopasuj kod ICAO do polskiego lotniska

Kliknij tutaj aby rozwiązać quiz!

Ogólne statystyki

  • Ten quiz został rozwiązany 39 razy
  • Średni wynik to 12 z 14

Statystyki odpowiedzi

LotniskoLotnisko% Poprawnych
Warszawa ChopinaEPWA
100%
Gdańsk (im. Lecha Wałęsy)EPGD
97%
Poznań ŁawicaEPPO
91%
Wrocław StarachowiceEPWR
91%
Katowice PyrzowiceEPKT
89%
Kraków BaliceEPKK
86%
Rzeszów JasionkaEPRZ
86%
Warszawa ModlinEPMO
80%
Lublin ŚwidnikEPLB
77%
Szczecin GoleniówEPSC
77%
Zielona Góra BabimostEPZG
77%
Bydgoszcz (im. Ignacego Jana Paderewskiego)EPBY
74%
Łódź LublinekEPLL
74%
Olsztyn SzymanyEPSY
69%

Rozkład punktacji

Percentyl według liczby udzielonych odpowiedzi

Procent ludzi z każdym wynikiem

Twoja historia wyników

Nie rozwiązałeś tego quizu